000 01442nam a2200289Ia 4500
999 _c55911
_d55911
001 23009
003 GE_BSU
005 20250910205000.0
008 181216s2018||||ge |||||||||||||| ||geo||
020 _a9789941959745
040 _cGE_BSU
041 _ageo
080 _a399.188.49(042.4) : 656 ს-12
245 _aსაერთაშორისო ლოგისტიკა (ლოჯისტიკა) :
_bლექციების კურსი /
_cშემდგ. ქ. გოლეთიანი, ბ. გეჩბაია, ნ. ჭილაია ; რედ. : პ. ხვედელიძე.
250 _aბათუმის ნავიგაციის სასწავლო უნივერსიტეტი
264 _aთბილისი :
_bკალმოსანი,
_c2018.
300 _a327გვ. ;
_c22 სმ.
504 _aბიბლ. გვ. 326-327
541 _h10 ლ.
653 _aეკონომიკა
653 _aსაერთაშორისო ლოგისტიკა(ლოჯისტიკა)
700 _aგოლეთიანი, ქ.
_eშემდგენელი
_925793
700 _aგეჩბაია, ბ.
_eშემდგენელი
_910764
700 _aჭილაია, ნ.
_eშემდგენელი
_925794
700 _aხვედელიძე, პ.
_eრედაქტორი
_925795
942 _cBK
_2udc